000 00978nam a2200277 i 4500
001 16740
003 ES-MaACL
005 20250824075712.0
007 t|
008 001030s1999 gw ||||1| spa d
020 _a3-931887-57-X
080 _a017.2 Rondel, Auguste
080 _a016:821.134.2-2
080 _a821.134.2-2:016
100 1 _aThion Soriano-Mollá, Dolores.
_9109971
245 1 0 _aBibliografía hispánica del inventario de la colección Auguste Rondel /
_cDolores Thion Soriano-Mollá.
260 _aKassel :
_bReichenberger,
_c1999.
300 _a281 p. ;
_c24 cm.
490 1 _aTeatro del siglo de oro. Bibliografías y catálogos ;
_v24
600 1 4 _aRondel, Auguste-
_xBiblioteca-
_vCatálogos.
_999507
650 4 _aTeatro español-
_vBibliografías.
_917343
830 0 0 _aTeatro del Siglo de Oro.
_pBibliografías y catálogos
_v24
_9183556
852 _aES-MaACL
_jL-23628
_bR.129021
_917117
942 _2udc
999 _c16740
_d16740